ARRUPE JESUIT UNIVERSITY

CORONAVIRUS -STOP THE SPREAD - CLEAN,DISINFECT,COVER

Slaves of the sun (Record no. 185)

MARC details
000 -LEADER
fixed length control field 00534nam a2200205Ia 4500
003 - CONTROL NUMBER IDENTIFIER
control field 0100
008 - FIXED-LENGTH DATA ELEMENTS--GENERAL INFORMATION
fixed length control field 130227s9999 xx 000 0 und d
040 ## - CATALOGING SOURCE
Transcribing agency ARRUPELIB
050 ## - LIBRARY OF CONGRESS CALL NUMBER
Classification number DT471.O7
100 ## - MAIN ENTRY--PERSONAL NAME
Personal name Ossendowski, Ferdinand Antoni
9 (RLIN) 30519
245 ## - TITLE STATEMENT
Title Slaves of the sun
260 ## - PUBLICATION, DISTRIBUTION, ETC. (IMPRINT)
Name of publisher, distributor, etc George Allen & Unwin
Place of publication, distribution, etc London
Date of publication, distribution, etc 1928
300 ## - PHYSICAL DESCRIPTION
Extent 378p
300 ## - PHYSICAL DESCRIPTION
Other physical details 21cm
650 ## - SUBJECT ADDED ENTRY--TOPICAL TERM
Topical term following geographic name as entry element Africa, West
General subdivision Social life & customs
9 (RLIN) 30520
650 ## - SUBJECT ADDED ENTRY--TOPICAL TERM
Topical term following geographic name as entry element Africa, West
General subdivision Description & travel
9 (RLIN) 30521
700 ## - ADDED ENTRY--PERSONAL NAME
Personal name Stevens, H.C. (tr)
9 (RLIN) 30522
942 ## - ADDED ENTRY ELEMENTS (KOHA)
Source of classification or shelving scheme Library of Congress Classification
Item type Monograph ( Printed materials)
Holdings
Withdrawn status Lost status Source of classification or shelving scheme Damaged status Not for loan Collection code Home library Current library Shelving location Date acquired Total Checkouts Full call number Barcode Date last seen Date last borrowed Copy number Price effective from Koha item type
    Library of Congress Classification     Main Collection ARRUPE LIBRARY ARRUPE LIBRARY   27/02/2013 1 DT471.O7 46400463 07/12/2017 25/09/2017 1 27/02/2013 Monograph ( Printed materials)

 

Arrupe Library. PO Box MP320 Mt Pleasant, Harare, Zimbabwe
263 242 745411|librarian@aju.ac.zw